[Event "ISL-chT2 1921"]
[Site "Reykjavik"]
[Date "2019.10.05"]
[Round "3.3"]
[White "Petursson, Palmi Ragnar"]
[Black "Thorsteinsson, Thorsteinn"]
[Result "1/2-1/2"]
[WhiteElo "2192"]
[BlackElo "2268"]
[PlyCount "26"]
[EventDate "2019.10.04"]
[EventType "team-tourn"]
[EventRounds "7"]
[EventCountry "ISL"]
[SourceTitle "EXT 2024"]
[Source "ChessBase"]
[SourceDate "2023.10.10"]
[SourceVersion "1"]
[SourceVersionDate "2023.10.10"]
[SourceQuality "1"]
[WhiteTeam "Huginn II"]
[BlackTeam "Vestmannaeyja"]
[WhiteTeamCountry "ISL"]
[BlackTeamCountry "ISL"]

1. e4 c5 2. Nf3 Nc6 3. d4 cxd4 4. Nxd4 g6 5. Nc3 Bg7 6. Be3 Nf6 7. Be2 0-0 8. 0-0 d5 9. exd5 Nxd5 10. Nxd5 Nxd4 11. Bxd4 Qxd5 12. Bxg7 Qxd1 13. Rfxd1 Kxg7 1/2-1/2

[Event "ISL-chT 1718"]
[Site "Reykjavik"]
[Date "2018.03.03"]
[Round "8.4"]
[White "Kjartansson, David"]
[Black "Petursson, Palmi Ragnar"]
[Result "1-0"]
[WhiteElo "2386"]
[BlackElo "2211"]
[PlyCount "81"]
[EventDate "2017.10.19"]
[EventType "team-tourn"]
[EventRounds "9"]
[EventCountry "ISL"]
[SourceTitle "EXT 2019"]
[Source "ChessBase"]
[SourceDate "2018.10.10"]
[SourceVersion "1"]
[SourceVersionDate "2018.10.10"]
[SourceQuality "1"]
[WhiteTeam "Fjolnis"]
[BlackTeam "Huginn II"]
[WhiteTeamCountry "ISL"]
[BlackTeamCountry "ISL"]

1. e4 d6 2. d4 Nf6 3. Nc3 g6 4. f4 Bg7 5. Nf3 c5 6. Bb5+ Bd7 7. e5 Ng4 8. e6 Bxb5 9. exf7+ Kd7 10. Nxb5 Qa5+ 11. Nc3 cxd4 12. Nxd4 Bxd4 13. Qxg4+ Qf5 14. Qxf5+ gxf5 15. Ne2 Nc6 16. c3 Bb6 17. Rf1 Raf8 18. Rf3 Rxf7 19. Be3 Bxe3 20. Rxe3 e5 21. 0-0-0 Kc7 22. b4 a6 23. a4 b5 24. axb5 axb5 25. Rh3 Rg8 26. g3 Rg6 27. Rh5 Re6 28. Kc2 Ne7 29. Kb3 Nc8 30. Rg5 Nb6 31. Ra1 Kc6 32. Rg8 Rh6 33. h4 Rg6 34. Re8 Nc4 35. h5 Rgg7 36. h6 Rg6 37. fxe5 dxe5 38. Ra6+ Nb6 39. Rxe5 Rxh6 40. Nd4+ Kb7 41. Ra2 1-0

[Event "ISL-chT 1516"]
[Site "Reykjavik"]
[Date "2016.03.03"]
[Round "6.5"]
[White "Petursson, Palmi Ragnar"]
[Black "Thorgeirsson, Jon Kristinn"]
[Result "1/2-1/2"]
[WhiteElo "2201"]
[BlackElo "2189"]
[PlyCount "60"]
[EventDate "2015.09.24"]
[EventType "team-tourn"]
[EventRounds "9"]
[EventCountry "ISL"]
[SourceTitle "EXT 2017"]
[Source "ChessBase"]
[SourceDate "2016.10.25"]
[SourceVersion "1"]
[SourceVersionDate "2016.10.25"]
[SourceQuality "1"]
[WhiteTeam "Huginn II"]
[BlackTeam "Akureyri"]
[WhiteTeamCountry "ISL"]
[BlackTeamCountry "ISL"]

1. c4 Nf6 2. Nf3 g6 3. g3 Bg7 4. Bg2 0-0 5. 0-0 c5 6. Nc3 d5 7. cxd5 Nxd5 8. Qb3 Nb6 9. d3 Be6 10. Qd1 Nc6 11. Be3 Nd4 12. Ng5 Qd7 13. Nxe6 Nxe6 14. Qb3 Rac8 15. Rfd1 Nd4 16. Bxd4 cxd4 17. Ne4 Na4 18. Rac1 b5 19. Qb4 a6 20. a3 Rc7 21. Nc5 Nxc5 22. Rxc5 Rfc8 23. Rdc1 e5 24. Rxc7 Rxc7 25. Rxc7 Qxc7 26. Bf3 Bf8 27. Qb3 Kg7 28. Kg2 Qc5 29. Qd5 Qxd5 30. Bxd5 a5 1/2-1/2

[Event "ISL-chT 1314"]
[Site "Reykjavik"]
[Date "2013.10.12"]
[Round "4.1"]
[White "Karason, Askell Orn"]
[Black "Petursson, Palmi Ragnar"]
[Result "1/2-1/2"]
[WhiteElo "2224"]
[BlackElo "2205"]
[PlyCount "58"]
[EventDate "2013.10.10"]
[EventType "team-tourn"]
[EventRounds "9"]
[EventCountry "ISL"]
[SourceTitle "EXT 2014"]
[Source "ChessBase"]
[SourceDate "2013.11.20"]
[SourceVersion "1"]
[SourceVersionDate "2013.11.20"]
[SourceQuality "1"]
[WhiteTeam "Akureyri"]
[BlackTeam "Hellir II"]
[WhiteTeamCountry "ISL"]
[BlackTeamCountry "ISL"]

1. d4 Nf6 2. c4 c5 3. d5 e6 4. Nc3 exd5 5. cxd5 d6 6. e4 g6 7. Nf3 Bg7 8. Bg5 h6 9. Bh4 0-0 10. Nd2 Re8 11. Be2 a6 12. a4 Nbd7 13. Qc2 g5 14. Bg3 Ne5 15. 0-0 Nfd7 16. Nd1 Nf8 17. Ne3 Nfg6 18. Rfe1 Nf4 19. Bf1 Rb8 20. a5 Bd7 21. Ndc4 Nxc4 22. Nxc4 Bb5 23. Ne3 Bd7 24. Nc4 Bb5 25. Nb6 Qe7 26. Qd2 Be5 27. Rab1 Rbd8 28. b4 Bxf1 29. Kxf1 Qf6 1/2-1/2

[Event "Regionalliga SW 0304"]
[Site "Bayern"]
[Date "2003.11.02"]
[Round "2.8"]
[White "Kisseliza, Juri"]
[Black "Petursson, Palmi Ragnar"]
[Result "0-1"]
[WhiteElo "2052"]
[BlackElo "2127"]
[PlyCount "44"]
[EventDate "2003.10.??"]
[EventType "team"]
[EventRounds "9"]
[EventCountry "GER"]
[SourceTitle "EXT 2006"]
[Source "ChessBase"]
[SourceDate "2005.11.24"]
[SourceVersion "1"]
[SourceVersionDate "2005.11.24"]
[SourceQuality "1"]
[WhiteTeam "Garching"]
[BlackTeam "Muenchen Suedost"]
[WhiteTeamCountry "GER"]
[BlackTeamCountry "GER"]

1. e4 d6 2. f4 Nf6 3. d3 g6 4. Nf3 Bg7 5. Be2 0-0 6. h3 c5 7. g4 c4 8. Be3 Nc6 9. c3 e5 10. f5 cxd3 11. Bxd3 d5 12. g5 Nxe4 13. f6 Nxf6 14. gxf6 Bxf6 15. Bb5 e4 16. Nd4 Bh4+ 17. Ke2 Ne5 18. Bh6 a6 19. Bxf8 Qxf8 20. Ba4 Qh6 21. Qf1 Qh5+ 22. Kd2 Nc4+ 0-1

[Event "Regionalliga SW 9900"]
[Site "Bayern"]
[Date "2000.??.??"]
[Round "4.3"]
[White "Petursson, Palmi Ragnar"]
[Black "Haghayegh, Jamshah"]
[Result "1-0"]
[WhiteElo "2170"]
[BlackElo "2105"]
[PlyCount "49"]
[EventDate "1999.??.??"]
[EventType "team-tourn"]
[EventRounds "9"]
[EventCountry "GER"]
[SourceTitle "EXT 2020"]
[Source "ChessBase"]
[SourceDate "2019.10.17"]
[SourceVersion "1"]
[SourceVersionDate "2019.10.17"]
[SourceQuality "1"]
[WhiteTeam "Muenchen Suedost"]
[BlackTeam "Muenchen Tarrasch"]
[WhiteTeamCountry "GER"]
[BlackTeamCountry "GER"]

1. e4 e5 2. Nf3 Nc6 3. Bb5 a6 4. Ba4 Nf6 5. d4 exd4 6. 0-0 Be7 7. Re1 b5 8. e5 Nd5 9. Bb3 Nb6 10. c3 dxc3 11. Nxc3 0-0 12. Bf4 Bb7 13. Rc1 Na5 14. Bc2 b4 15. Ne4 Nd5 16. Bg3 c5 17. Nd6 Bxd6 18. exd6 Rc8 19. Bh4 f6 20. Ne5 Nf4 21. Qg4 Nxg2 22. Qh5 g6 23. Nxg6 Rf7 24. Ne7+ Rxe7 25. Rxe7 1-0

[Event "Regionalliga SW 9900"]
[Site "Bayern"]
[Date "2000.??.??"]
[Round "9.3"]
[White "Wittal, Werner"]
[Black "Petursson, Palmi Ragnar"]
[Result "1/2-1/2"]
[WhiteElo "1980"]
[BlackElo "2170"]
[PlyCount "62"]
[EventDate "1999.??.??"]
[EventType "team-tourn"]
[EventRounds "9"]
[EventCountry "GER"]
[SourceTitle "EXT 2020"]
[Source "ChessBase"]
[SourceDate "2019.10.17"]
[SourceVersion "1"]
[SourceVersionDate "2019.10.17"]
[SourceQuality "1"]
[WhiteTeam "Noerdlingen"]
[BlackTeam "Muenchen Suedost"]
[WhiteTeamCountry "GER"]
[BlackTeamCountry "GER"]

1. d4 Nf6 2. Nf3 g6 3. Bf4 Bg7 4. e3 0-0 5. Nbd2 d6 6. h3 Nbd7 7. Be2 Re8 8. 0-0 e5 9. dxe5 dxe5 10. Bh2 e4 11. Nd4 Ne5 12. Nc4 Nxc4 13. Bxc4 a6 14. a4 Nd7 15. f4 Nb6 16. Bb3 c5 17. Ne2 Qxd1 18. Raxd1 c4 19. Ba2 Nxa4 20. b3 cxb3 21. Bxb3 Nc3 22. Nxc3 Bxc3 23. g4 Be6 24. Bxe6 Rxe6 25. Rd7 b5 26. f5 gxf5 27. gxf5 Rh6 28. Rf4 Rxh3 29. Rxe4 Kh8 30. Be5+ Bxe5 31. Rxe5 Rg8+ 1/2-1/2

[Event "Regionalliga SW 9900"]
[Site "Bayern"]
[Date "1999.??.??"]
[Round "1.2"]
[White "Nierlich, Gerhard"]
[Black "Petursson, Palmi Ragnar"]
[Result "1/2-1/2"]
[WhiteElo "1925"]
[BlackElo "2170"]
[PlyCount "37"]
[EventDate "1999.??.??"]
[EventType "team-tourn"]
[EventRounds "9"]
[EventCountry "GER"]
[SourceTitle "EXT 2020"]
[Source "ChessBase"]
[SourceDate "2019.10.17"]
[SourceVersion "1"]
[SourceVersionDate "2019.10.17"]
[SourceQuality "1"]
[WhiteTeam "Lauingen"]
[BlackTeam "Muenchen Suedost"]
[WhiteTeamCountry "GER"]
[BlackTeamCountry "GER"]

1. d4 Nf6 2. Nf3 c5 3. c3 cxd4 4. cxd4 e6 5. Nc3 Be7 6. Bg5 d5 7. e3 0-0 8. Bd3 b6 9. 0-0 Bb7 10. Ne5 Ne4 11. Bxe7 Qxe7 12. Qh5 f6 13. f3 fxe5 14. fxe4 Nd7 15. exd5 g6 16. d6 Qxd6 17. Bxg6 hxg6 18. Qxg6+ Kh8 19. Qh6+ 1/2-1/2

[Event "Regionalliga SW 9899"]
[Site "Bayern"]
[Date "1999.??.??"]
[Round "7.3"]
[White "Petursson, Palmi Ragnar"]
[Black "Schlinkmeier, Karsten"]
[Result "1-0"]
[WhiteElo "2180"]
[BlackElo "1904"]
[PlyCount "51"]
[EventDate "1998.??.??"]
[EventType "team-tourn"]
[EventRounds "9"]
[EventCountry "GER"]
[SourceTitle "EXT 2020"]
[Source "ChessBase"]
[SourceDate "2019.10.17"]
[SourceVersion "1"]
[SourceVersionDate "2019.10.17"]
[SourceQuality "1"]
[WhiteTeam "Muenchen Suedost"]
[BlackTeam "Garching"]
[WhiteTeamCountry "GER"]
[BlackTeamCountry "GER"]

1. e4 c6 2. d4 d5 3. Nc3 dxe4 4. Nxe4 Nd7 5. Nf3 Ngf6 6. Ned2 Qc7 7. Bd3 e6 8. 0-0 b6 9. Re1 Bb7 10. c3 Be7 11. a4 0-0 12. a5 Rad8 13. axb6 axb6 14. Nc4 Ra8 15. Rxa8 Rxa8 16. Bg5 Qd8 17. Bf4 Nh5 18. Bd2 Nhf6 19. Bf4 Nh5 20. Bg3 Nxg3 21. hxg3 h6 22. Qe2 Nf6 23. Nfe5 Nd5 24. Nxf7 Qd7 25. Nce5 Qc7 26. Qg4 1-0

[Event "Regionalliga SW 9899"]
[Site "Bayern"]
[Date "1999.??.??"]
[Round "8.3"]
[White "Uhlmann, Helge"]
[Black "Petursson, Palmi Ragnar"]
[Result "1/2-1/2"]
[WhiteElo "2075"]
[BlackElo "2180"]
[PlyCount "45"]
[EventDate "1998.??.??"]
[EventType "team-tourn"]
[EventRounds "9"]
[EventCountry "GER"]
[SourceTitle "EXT 2020"]
[Source "ChessBase"]
[SourceDate "2019.10.17"]
[SourceVersion "1"]
[SourceVersionDate "2019.10.17"]
[SourceQuality "1"]
[WhiteTeam "Pasing II"]
[BlackTeam "Muenchen Suedost"]
[WhiteTeamCountry "GER"]
[BlackTeamCountry "GER"]

1. d4 Nf6 2. Nf3 c5 3. g3 e6 4. Bg2 cxd4 5. 0-0 Nc6 6. Nxd4 Bc5 7. Nb3 Be7 8. c4 0-0 9. Nc3 Na5 10. Nxa5 Qxa5 11. Bf4 a6 12. a3 Qh5 13. e3 Qf5 14. b4 e5 15. Nd5 Nxd5 16. Qxd5 d6 17. e4 Qf6 18. Be3 Be6 19. Qxb7 Bxc4 20. Rfc1 Rab8 21. Qa7 Ra8 22. Qb7 Rab8 23. Qa7 1/2-1/2

[Event "Regionalliga SW 9798"]
[Site "Bayern"]
[Date "1998.??.??"]
[Round "?.3"]
[White "Baeurle, Stefan"]
[Black "Petursson, Palmi Ragnar"]
[Result "0-1"]
[WhiteElo "1975"]
[BlackElo "2185"]
[PlyCount "79"]
[EventDate "1997.10.??"]
[EventType "team-tourn"]
[EventRounds "9"]
[EventCountry "GER"]
[SourceTitle "EXT 2020"]
[Source "ChessBase"]
[SourceDate "2019.10.17"]
[SourceVersion "1"]
[SourceVersionDate "2019.10.17"]
[SourceQuality "1"]
[WhiteTeam "Augsburg SG 1873"]
[BlackTeam "Muenchen Suedost"]
[WhiteTeamCountry "GER"]
[BlackTeamCountry "GER"]

1. Nf3 Nf6 2. c4 c5 3. g3 g6 4. Bg2 Bg7 5. 0-0 0-0 6. Nc3 d5 7. cxd5 Nxd5 8. d4 cxd4 9. Nxd4 Nxc3 10. bxc3 e5 11. Nb5 Qa5 12. c4 Rd8 13. Qe1 Qxe1 14. Rxe1 Nc6 15. Bg5 Rd7 16. Red1 h6 17. Be3 Nd4 18. Bxd4 exd4 19. Rab1 a6 20. Na3 Rc7 21. Bd5 Bf5 22. Rb6 Re8 23. Rd2 d3 24. e3 Bc3 25. Rd1 d2 26. Nb1 Ba5 27. Rb2 Bg4 28. f3 Rxe3 29. Nxd2 Bc8 30. Kf2 Rd3 31. Ke2 Ra3 32. Ne4 Re7 33. Kf2 Kg7 34. Nd6 Be6 35. Bxe6 Rxe6 36. Nxb7 Ree3 37. Nxa5 Rxf3+ 38. Kg2 Rfc3 39. Rd5 Ra4 40. Nc6 0-1

[Event "Regionalliga SW 9899"]
[Site "Bayern"]
[Date "1998.??.??"]
[Round "2.3"]
[White "Petursson, Palmi Ragnar"]
[Black "Kuhnert, Josef"]
[Result "1-0"]
[WhiteElo "2180"]
[BlackElo "1995"]
[PlyCount "65"]
[EventDate "1998.??.??"]
[EventType "team-tourn"]
[EventRounds "9"]
[EventCountry "GER"]
[SourceTitle "EXT 2020"]
[Source "ChessBase"]
[SourceDate "2019.10.17"]
[SourceVersion "1"]
[SourceVersionDate "2019.10.17"]
[SourceQuality "1"]
[WhiteTeam "Muenchen Suedost"]
[BlackTeam "Sonthofen"]
[WhiteTeamCountry "GER"]
[BlackTeamCountry "GER"]

1. e4 c5 2. Nf3 d6 3. d4 cxd4 4. Nxd4 Nf6 5. Nc3 a6 6. Bg5 e6 7. f4 Qb6 8. Nb3 Be7 9. Qf3 Nbd7 10. 0-0-0 Qc7 11. Bd3 b5 12. Rhe1 Bb7 13. Nd4 b4 14. Nd5 exd5 15. Nf5 Kf8 16. Nxe7 Kxe7 17. e5 dxe5 18. fxe5 Nxe5 19. Qf4 Rae8 20. Rxe5+ Kd8 21. Bxf6+ gxf6 22. Qxf6+ Kc8 23. Rde1 Rd8 24. Bxa6 Bxa6 25. Qxa6+ Kb8 26. Re7 Rd6 27. Qb5+ Qb6 28. Re8+ Rxe8 29. Rxe8+ Kc7 30. Re7+ Kc8 31. Qxb6 Rxb6 32. Rxf7 Ra6 33. Rxh7 1-0

[Event "Regionalliga SW 9798"]
[Site "Bayern"]
[Date "1997.??.??"]
[Round "?.2"]
[White "Schlemmer, Hans"]
[Black "Petursson, Palmi Ragnar"]
[Result "0-1"]
[WhiteElo "2170"]
[BlackElo "2185"]
[PlyCount "56"]
[EventDate "1997.10.??"]
[EventType "team-tourn"]
[EventRounds "9"]
[EventCountry "GER"]
[SourceTitle "EXT 2020"]
[Source "ChessBase"]
[SourceDate "2019.10.17"]
[SourceVersion "1"]
[SourceVersionDate "2019.10.17"]
[SourceQuality "1"]
[WhiteTeam "Obermenzing"]
[BlackTeam "Muenchen Suedost"]
[WhiteTeamCountry "GER"]
[BlackTeamCountry "GER"]

1. e4 c5 2. c4 Nc6 3. Ne2 Nf6 4. Nbc3 e6 5. d4 cxd4 6. Nxd4 d6 7. Be2 Be7 8. 0-0 0-0 9. Be3 a6 10. Rc1 Bd7 11. Nc2 Rb8 12. f3 Ne5 13. f4 Nc6 14. g4 h6 15. h4 Nh7 16. g5 hxg5 17. hxg5 e5 18. Nd5 exf4 19. Nxe7+ Qxe7 20. Bxf4 Nxg5 21. Bxd6 Nh3+ 22. Kh2 Qh4 23. Bg3 Qh6 24. Kg2 Rbd8 25. Rh1 Qg6 26. Qf1 Ng5 27. Qf4 Nxe4 28. Bf3 Bf5 0-1

[Event "Regionalliga SW 9798"]
[Site "Bayern"]
[Date "1997.??.??"]
[Round "?.3"]
[White "Schlinkmeier, Karsten"]
[Black "Petursson, Palmi Ragnar"]
[Result "0-1"]
[WhiteElo "1904"]
[BlackElo "2185"]
[PlyCount "44"]
[EventDate "1997.10.??"]
[EventType "team-tourn"]
[EventRounds "9"]
[EventCountry "GER"]
[SourceTitle "EXT 2020"]
[Source "ChessBase"]
[SourceDate "2019.10.17"]
[SourceVersion "1"]
[SourceVersionDate "2019.10.17"]
[SourceQuality "1"]
[WhiteTeam "Garching"]
[BlackTeam "Muenchen Suedost"]
[WhiteTeamCountry "GER"]
[BlackTeamCountry "GER"]

1. Nf3 Nf6 2. d4 c5 3. c3 cxd4 4. cxd4 g6 5. Nc3 Bg7 6. Bf4 0-0 7. h3 d6 8. Qb3 Nbd7 9. e3 Nb6 10. Bh2 Be6 11. Qd1 Rc8 12. Bd3 Nc4 13. Qe2 Qa5 14. Rc1 Qb4 15. 0-0 Nxb2 16. Rb1 Rxc3 17. Rxb2 Qa3 18. Rd1 b6 19. Ng5 Rfc8 20. Nxe6 Rxd3 21. Rxd3 Rc1+ 22. Rd1 Qxb2 0-1